000 00661nam a2200277Ia 4500
005 20260324143947.0
008 008 260324s9999 xx 000 0 eng d
020 _a9781315057040
037 _aEBOOK
040 _aCRL
040 _beng
040 _cCRL
041 _2eng
041 _aeng
084 _qCRL
100 _aPaul L. Murphy
_91217553
245 0 _aPre-Nineteen Sixty Developments in the Bill of Rights Area
260 _bTaylor and Francis
260 _c1990
365 _a
365 _b270
856 _uhttp://www.taylorfrancis.com/books/9781315057040
942 _cEBOOK
999 _c1823594
_d1823594